000 00670 a2200169 4500
999 _c3363
_d3363
020 _a0133754111
050 0 0 _aLB1139.25
100 1 _aMorrison, George S.
245 1 0 _aFundamentals of early childhood education /
_cGeorge S. Morrison.
264 _aUnited States of America:
_bUpper Saddle River, N.J. : Merrill,
_c1997
300 _axi, 388 p. :
_bill.
500 _aIncludes bibliographical references and index.
504 _aIncludes bibliographical references and index.
650 0 _aEarly childhood education
942 _2lcc
_cBK
_h1139
_iMOR
_kLB